000 01073cab a2200337 4500
001 WB3311-42
008 090401t1997 xxu||||| |||| 00| 0 eng d
035 _a(Sirsi) u77112
041 _aeng
245 4 _aThe race for space
260 _c1997
350 _a0
490 _aFinancial Times
_v14 March 1997, p18
520 _aDemand for commercial and residential property in Dublin is being boosted by the strong Irish economy. Graphical representation of rents, take up space and vacancy rates.
650 _aDUBLIN
650 _aEIRE
650 _aEUROPEAN UNION
650 _aINDUSTRIAL MARKET
650 _aINVESTMENT
650 _aIRISH REPUBLIC
650 _aPROPERTY-COMMERCIAL PROPERTY-OFFICE PROPERTY-OFFICE PROPERTY MARKET
650 _aREPUBLIC OF IRELAND
650 _aRESIDENTIAL PROPERTY
_96266
650 _aPROPERTY-COMMERCIAL PROPERTY-RETAIL PROPERTY-RETAIL PROPERTY MARKET
650 _aSUPPLY AND DEMAND
650 _aTAKE-UP
650 _aVACANCY RATES
690 _aOVERSEAS-EUROPE
942 _n0
948 _c14/03/1997
999 _c48471
_d48471